000 01051nam a2200241 i 4500
001 42982
003 ES-MaACL
005 20250727024447.0
008 030314m19701973sp |||| | spa d
100 1 _aCencillo, Luis.
_937397
245 1 0 _aCurso de antropología integral /
_cLuis Cencillo.
260 _aMadrid :
_bUniversidad, Facultad de Filosofía y Letras :
_bRaycar,
_c1970-1973.
300 _a3 v. ;
_c24 cm.
490 1 _aSyntagma. Serie B. ;
_v1
505 8 _aParte I: Objeto, métodos / Luis Cencillo. Parte II: Antropología física / Luis Cencillo, Mª Luisa Rodríguez de Maestre. Parte III: Antropología cultural y psicológica / Luis Cencillo, José Luis García
650 7 _aAntropología física
_2embne
_99893
700 1 _aRodríguez de Maestre, María Luisa.
_998465
700 1 _aGarcía, José Luis.
_954047
710 2 _aUniversidad Complutense de Madrid.
_bFacultad de Filosofía y Letras.
_97125
830 0 _aSyntagma. Serie B. ;
_v1
_9181972
852 _aES-MaACL
_jC-54833-35
999 _c42982
_d42982